Visualizzazione normale
Vista MARC
- Sindicatos católicos
di Topical Term
Records bibliografici associati: 1
001 - CONTROL NUMBER
- control field: 57708
003 - CONTROL NUMBER IDENTIFIER
- control field: IT-RoINE
005 - DATE AND TIME OF LATEST TRANSACTION
- control field: 20190307093743.0
008 - FIXED-LENGTH DATA ELEMENTS
- fixed length control field: 190307|| aca||aabn | a|a d
040 ## - CATALOGING SOURCE
- Original cataloging agency: IT-RoINE
- Transcribing agency: IT-RoINE
150 ## - HEADING--TOPICAL TERM
- Topical term or geographic name as entry element: Sindicatos católicos
670 ## - SOURCE DATA FOUND
- Source citation: Work cat.: (IT-RoINE)0: Alejandro Guillamón, Vicente, 1930- 57707, Justicia social :, 1962.